000 01665cam a2200133 4500500
005 20251214004043.0
041 _afre
042 _adc
100 1 0 _aCapdevila, Elisa
_eauthor
245 0 0 _aDes Américains à Paris : Artistes et bohèmes dans la France de l'après-guerre
260 _bArmand Colin,
_c2017.
520 _aSi l’entre-deux-guerres a vu de grandes figures américaines investir Paris (Hemingway, Miller…), l’adoption de la loi du GI Bill en 1944 a favorisé le retour des artistes américains dans la capitale. Cette loi permettait aux soldats démobilisés de la Seconde Guerre mondiale le financement de leurs études universitaires ou artistiques et professionnelles, comme le retrace le film de Vincente Minelli Un Américain à Paris avec Gene Kelly.L’auteur dépeint la vie de ces exilés volontaires en mêlant l’histoire culturelle, sociale et politique de ces artistes. Que sont-ils venus chercher en France ? Qu’ont-ils trouvé ? Comment ont-ils été accueillis ? Quels ont été les connections, les contacts, les influences, les soutiens entre artistes américains et français ? Paris a accueilli ces Américains aux motivations diverses, certains venant chercher la reconnaissance, d’autres la liberté politique ou culturelle, voire l’indépendance.Que reste-t-il de ces deux décennies d’échanges ?L’auteur nous fait découvrir ce pan de notre histoire que nous avions un peu oubliée et qui s’était achevée sous les pavés de mai 68.
856 4 1 _uhttps://shs.cairn.info/des-americains-a-paris--9782200614904?lang=fr&redirect-ssocas=7080
999 _c1568172
_d1568172